| 000 | 03171nam a22006377a 4500 | ||
|---|---|---|---|
| 001 | 354 | ||
| 003 | FISKH | ||
| 005 | 20250619113103.0 | ||
| 008 | 230328b cb ||||| |||| 00| 0 eng d | ||
| 020 | _a9781338052954 | ||
| 035 | _a(OCoLC)ocn961107946 | ||
| 040 |
_aIHX _beng _cIHX _erda _dOCLCO _dOCLCF _dIJC _dDLC _dFISKH |
||
| 041 | 1 |
_aeng _hita |
|
| 042 | _alccopycat | ||
| 050 | 0 | 0 |
_aPZ7.S86008 _bWon 2016 |
| 082 | 0 | 4 |
_a853.92 _223 |
| 100 | 1 |
_aDami, Elisabetta _d1958- |
|
| 240 | 1 | 0 |
_aMeraviglioso mago di Oz. _lEnglish |
| 245 | 1 | 4 |
_aThe wonderful wizard of Oz / _cGeronimo Stilton ; based on the novel by L. Frank Baum ; illustrations by Danilo Loizedda and Edwin Nori ; translated by Emily Clement. |
| 264 | 1 |
_aNew York : _bScholastic. _c2016. |
|
| 264 | 4 | _c2016 | |
| 300 |
_a207 pages : _bcolor illustrations ; _c20 cm. |
||
| 336 |
_atext _btxt _2rdacontent |
||
| 337 |
_aunmediated _bn _2rdamedia |
||
| 338 |
_avolume _bnc _2rdacarrier |
||
| 490 | 0 | _aGeronimo Stilton classic tales | |
| 500 | _aOriginally published in 2011 in Italy under the title Il meraviglioso mago di Oz. | ||
| 500 | _a"This edition is available for distribution only through the school market"-- Page [4] of cover. | ||
| 505 | _aM | ||
| 520 | _a"Holey cheese! When a terrible tornado blows through Dorothy's hometown in Kansas, she and her little dog, Toto, are carried away to a magical land called Oz. There, she meets the talking Scarecrow, the Tin Woodman, and the Cowardly Lion. Dorothy and her new friends set out on a fabumouse adventure down the cheddar-colored yellow brick road. Will they meet the mysterious Wizard of Oz? And will Dorothy ever find her way home?" -- Back cover. | ||
| 521 | 0 |
_a700
_bLexile |
|
| 521 | 0 |
_aM
_bRaz-Plus |
|
| 600 | 0 | 0 |
_aWizard, _cof Oz (Fictitious character) _vJuvenile fiction. |
| 600 | 1 | 0 |
_aGale, Dorothy _c(Fictitious character) _vJuvenile fiction. |
| 600 | 1 | 7 |
_aGale, Dorothy _c(Fictitious character) _2fast _0(OCoLC)fst00937146 |
| 600 | 0 | 7 |
_aWizard, _cof Oz (Fictitious character) _2fast _0(OCoLC)fst01176451 |
| 650 | 0 |
_aWizards _vJuvenile fiction. |
|
| 650 | 0 |
_aOz (Imaginary place) _vJuvenile fiction. |
|
| 650 | 0 |
_aVoyages, Imaginary _vJuvenile fiction. |
|
| 650 | 0 |
_aMice _vJuvenile fiction. |
|
| 650 | 7 |
_aMice. _2fast _0(OCoLC)fst01019337 |
|
| 650 | 7 |
_aOz (Imaginary place) _2fast _0(OCoLC)fst01049738 |
|
| 650 | 7 |
_aVoyages, Imaginary. _2fast _0(OCoLC)fst01169333 |
|
| 650 | 7 |
_aWizards. _2fast _0(OCoLC)fst01176452 |
|
| 655 | 7 |
_aFantasy fiction. _2fast _0(OCoLC)fst01726607 |
|
| 655 | 7 |
_aFiction. _2fast _0(OCoLC)fst01423787 |
|
| 655 | 7 |
_aJuvenile works. _2fast _0(OCoLC)fst01411637 |
|
| 655 | 7 |
_aFantasy fiction. _2lcgft |
|
| 700 | 1 |
_aLoizedda, Danilo, _d1971- _eillustrator. |
|
| 700 | 1 |
_aNori, Edwin, _eillustrator. |
|
| 700 | 1 |
_aClement, Emily _c(Translator), _etranslator. |
|
| 700 | 1 |
_aBaum, L. Frank _q(Lyman Frank), _d1856-1919. _tWizard of Oz. _iBased on: |
|
| 906 |
_a7 _bcbc _ccopycat _d2 _encip _f20 _gy-gencatlg |
||
| 942 |
_2ddc _cBK _n0 |
||
| 999 |
_c354 _d354 |
||